000 00881nam a2200265Ia 4500
003 GCL
008 140319s9999 xx 000 0 ara d
020 _a7591208977
040 _aGCL /
_cGCL
082 0 4 _a213
_bن إ
100 1 _aنيازى عزالدين
245 1 0 _aانذار من السماء :
_bالنظرية /
_cنيازى عزالدين
250 _aالثانية
260 _aالقاهرة :
_bمكتبة مدبولى ،
_c2005
300 _a782 ص ؛
_c24 سم
650 0 4 _aالاخلاق الاسلامية
650 0 4 _aالاسلام والاصلاح الدينى
650 0 4 _aالصفات
650 0 4 _aالاسلام - دفع مطاعن
650 0 4 _aالطاعة
650 0 4 _aالقران - الفاظ
650 0 4 _aالاسلام - مبادىء عامة
650 0 4 _aالشياطين والجان فى القران
942 _2ddc
_cBK
999 _c9484
_d9484